| 000 | 00000nam##2200000za#4500 |
| 001 | 9.639049 |
| 003 | CaOODSP |
| 005 | 20210624221955 |
| 007 | cr ||||||||||| |
| 008 | 150407|2003||||xxc|||||o f|0| 0 fre|d |
| 040 | |aCaOODSP|bfre |
| 043 | |an-cn--- |
| 086 | 1 |aR2-129/2003F-PDF |
| 110 | 1 |aCanada.|bAffaires indiennes et du Nord. |
| 245 | 13|aLa nourriture dans le Grand Nord - de l'omble chevalier aux grignotines |h[ressource électronique] |
| 260 | |aOttawa - Ontario : |bAffaires indiennes et du Nord |c2003. |
| 300 | |a4p. |
| 500 | |aLe n° de catalogue (R2-129/2001-F) et l'ISBN (0-662-85533-7) imprimés dans cette publication sont incorrects. |
| 590 | |a11-15-Supp|b2011-08-22 |
| 775 | 08|tFar North food - from Arctic char to processed snacks |w(CaOODSP)9.694880 |
| 856 | 40|ahttp://publications.gc.ca|qPDF|s268 Ko|uhttps://publications.gc.ca/collections/collection_2011/ainc-inac/R2-129-2003-fra.pdf |
| 986 | |aQS-6120-010-FF-A2 |